Statistics for Find the Spelling #4

Click here to take the quiz!

General Stats

  • This quiz has been taken 61 times
    (30 since last reset)
  • The average score is 4 of 5

Answer Stats

QuestionAnswer% Correct
Which is correct?Government
96%
Which is correct?Researcher
96%
Which is correct?Absence
91%
Which is correct?Consensus
70%
Which is correct?Publicly
61%

Score Distribution

Percentile by Number Answered

Percent of People with Each Score

Your Score History

You have not taken this quiz since the last reset